Parodies dans les Simpson par image #3 - Statistiques

Statistiques générales
  • Ce quiz a été pris 783 fois
    639 depuis la dernière actualisation
  • Le résultat moyen est 12 sur 20
Statistiques - réponses
Par images Réponse % Correct
Bambi
97%
Ça
96%
Jurassic Park
89%
Avatar
88%
Barbie
88%
Transformers
83%
Hansel et Gretel
76%
Peanuts
76%
L'Illiade
67%
Titanic
62%
Batman
58%
Le Pôle Express
56%
Roblox
55%
Coraline
49%
Xéna, la guerrière
38%
La Naissance de Vénus
31%
M. Peabody et Sherman
25%
Sauvez Willy
21%
La mort aux trousses
12%
Psychose
12%
Aucun quiz correspondant
Distribution des résultats
% des personnes avec chaque résultat
Percentile par nombre de réponses
Votre historique - résultats
Vous n’avez pas pris ce quiz depuis la dernière actualisation